Nonlinear supporting prices. <The> superadditive case.
Analýza predpokladov rozmiestnenia a preferencií, dostačujúcich na pridelenie superaditívnej cenovej podpory pre výmennú ekonomiku s konečným počtom obchodníkov v prípade, kedy je priestor komodít usporiadaným topologickým vektorovým priestorom.
Na minha lista:
| Autor principal: | |
|---|---|
| Outros Autores: | |
| Formato: | Capítulo de Livro |
| Idioma: | inglês |
| Assuntos: | |
| Tags: |
Sem tags, seja o primeiro a adicionar uma tag!
|
MARC
| LEADER | 00000naa a2200000 4500 | ||
|---|---|---|---|
| 001 | r006596 | ||
| 005 | 20220819194345.6 | ||
| 041 | 0 | |a eng | |
| 044 | |a NL | ||
| 245 | 1 | 0 | |a Nonlinear supporting prices. |b <The> superadditive case. |c M. Berliant, K. Dunz |
| 520 | |a Analýza predpokladov rozmiestnenia a preferencií, dostačujúcich na pridelenie superaditívnej cenovej podpory pre výmennú ekonomiku s konečným počtom obchodníkov v prípade, kedy je priestor komodít usporiadaným topologickým vektorovým priestorom. | ||
| 610 | 2 | 0 | |a ceny |
| 610 | 2 | 0 | |a preferencie |
| 610 | 2 | 0 | |a analýza ekonomická |
| 610 | 2 | 0 | |a metódy ekonomicko-matematické |
| 610 | 2 | 0 | |a komodity |
| 100 | 1 | |a Berliant, M. | |
| 700 | 1 | |a Dunz, K. | |